French Food by Picture - Statistics

General Stats
  • This quiz has been taken 391 times
  • The average score is 11 of 16
Answer Stats
Picture Answer % Correct
Croissant
99%
Baguette
95%
Champagne
94%
Macaron
90%
Crêpe
87%
Escargots
77%
Omelette
75%
Ratatouille
75%
Quiche
66%
Foie Gras
59%
Frog Legs
58%
Camembert
57%
Mayonnaise
48%
Cassoulet
38%
Bordeaux Wine
23%
Veal Blanquette
20%
No matching quizzes found
Score Distribution
Percent of People with Each Score
Percentile by Number Answered
Your Score History
You have not taken this quiz